Дело о выкупе земельных наделов временнообязанными крестьянами С.Г., О.М,, Л.М., Л.М. Геевских и Е.М. Панкрата села Слободы-Миха...

Доступно только в Электронных читальных залах Найти на картеНа карте
RUSMARC
00004260nmc2a2200000 x 450
00197bc9068-a0c9-4e1d-900b-edf1ee7d1645
00520170125195958.0
100##$a20140516l18801880k l0rusy0189 ca
1010#$arus
102##$aRU
2001#$aДело о выкупе земельных наделов временнообязанными крестьянами С.Г., О.М,, Л.М., Л.М. Геевских и Е.М. Панкрата села Слободы-Михайловки Хотинского уезда Бессарабской губернии
$j3 июня - 30 сентября 1880 г.
251##$cДело
300##$aДело
300##$aОриг. заголовок дела: Дело Геевских С.Г., О.М,, Л.М., Л.М. и Панкрата Е.М. Бессарабской губернии Хотинского уезда села Слободы-Михайловки. 3 июня 1880 г. - 30 сентября 1880 г
801#0$aRU
$bРГИА
$c20140516
$gRCR
801#1$aRU
$bГлавНИВЦ
$c20140516
$2rusmarc
801#2$aRU
$bПБ им. Б.Н. Ельцина
$c20170125
$gRCR
$2rusmarc
850##$aРГИА
852##$aРГИА
$eФедеральное казенное учреждение "Российский государственный исторический архив" (РГИА)
$j779
937##$hРГИА
$d6562948
$aASBIBLIO_SCAN
462#0$1001808503d5-68d3-4ac2-91f4-d4d8e7ec01e0
$12001
$aДела Главного выкупного учреждения Министерства финансов по Бессарабской губернии
$1251
$cОпись
$1852
$j2
461#0$10018ef30ad5-ff5c-4840-a721-74c62a200f95
$12001
$aГлавное выкупное учреждение Министерства финансов
$1251
$cФонд
$1852
$j577
215##$a66 л.
$d36,5x26 см
371##$aДокумент не является опубликованным и широко распространяемым
105##$aу###
1222#$ad
5171#$aДело Геевских С.Г., О.М,, Л.М., Л.М. и Панкрата Е.М. Бессарабской губернии Хотинского уезда села Слободы-Михайловки. 3 июня 1880 г. - 30 сентября 1880 г
035##$a97bc9068-a0c9-4e1d-900b-edf1ee7d1645
856##$uhttp://readingroom.main.prlib.ru/item.aspx?id_node=n95003096&mode=full
Формат отображения